000 00673nam a2200205 a 4500
003 OSt
005 20240226095227.0
008 180219t2012 pk | |||| 000 d urd d
020 _a9789693516685
040 _c0
082 _a891.4392
_bISH 2012
100 1 _aاشفاق احمد
_948655
245 1 0 _aشوراشوری:
_bتلقين شاہ
_cIshfaq Ahmad
246 _aShora Shori:
_bTalqeen Shah
260 _aLahore:
_bSang e Meel Pub;
_c2012.
300 _a445 p.
650 _aUrdu literature
_vRadio Drama (talqeen shah)
_9121251
942 _2ddc
_cBK
_aSADA
_k891.4392 ISH 2012
999 _c608127
_d608127